Irritating Melbourne Train Stations - Statistics

General Stats
  • This quiz has been taken 138 times
  • The average score is 6 of 12
Answer Stats
Hint Answer % Correct
Pakenham Cardinia Road
64%
Hartwell Willison
57%
Mernda Hawkstowe
56%
Craigieburn Roxburgh Park
50%
Strathmore Glenbervie
48%
Eltham Montmorency
48%
Laverton Westona
46%
Watergardens Keilor Plains
45%
Fawkner Merlynston
45%
Keon Park Ruthven
42%
Crib Point Morradoo
41%
Laverton Newport
36%
No matching quizzes found
Score Distribution
Percent of People with Each Score
Percentile by Number Answered
Your Score History
You have not taken this quiz